| 000 | 00551nam a2200181Ia 4500 | ||
|---|---|---|---|
| 003 | IN-BaIIA | ||
| 008 | 211028s9999 xx 000 0 eng d | ||
| 020 | _a978-0-521-63163-1 | ||
| 040 | _cIIA Library | ||
| 080 |
_a524.1-337 _bKRO |
||
| 100 |
_aKronberg, Philipp P _936974 |
||
| 245 | 0 |
_aCosmic magnetic fields _cPhilipp P Kronberg |
|
| 260 |
_aCambridge _bCambridge University Press _c2016 |
||
| 300 | _axii, 283p. | ||
| 650 |
_aAstrophysics _9794 |
||
| 650 |
_aCosmic magnetic fields _924627 |
||
| 942 | _cBK | ||
| 999 |
_c19344 _d19344 |
||